000 00879nam a2200217 4500
001 136943
003 ES-MaACL
005 20231230063006.0
007 t|
008 070214s1958 sp r ||||1| spa d
100 1 _aSainz de Robles, Federico Carlos,
_d1898-1982
_9101593
245 1 0 _aEnsayos de un Diccionario mitológico universal
_b: ; precedido de un estudio acerca de los mitos y de las religiones paganas /
_cFederico Carlos Sainz de Robles ; con 553 ilustraciones interpretativas de Victoriano González Noriega.
250 _a2ª ed. corr. y muy aum.
260 _aMadrid :
_bAguilar,
_c1958.
300 _aLIX, 820 p. :
_b553 il. ;
_c25 cm.
700 1 _aGonzález Noriega, Victoriano.
_958841
740 0 _aDiccionario mitológico universal.
740 0 _aLos mitos y las religiones paganas.
852 _aES-MaACL
_jC-14186
_bR.42180
999 _c136943
_d136943